[Event "Biel"]
[Site "Biel"]
[Date "1995.??.??"]
[Round "13"]
[White "De Firmian, Nick E"]
[Black "Campora, Daniel H"]
[Result "1-0"]
[WhiteElo "2605"]
[BlackElo "2550"]

1.e4 d6 2.d4 Nf6 3.Nc3 e5 4.Nf3 Nbd7 5.Bc4 Be7 6.O-O c6 7.Re1 b6 8.a4 O-O
9.h3 a6 10.b3 Bb7 11.Bb2 Qc7 12.Bd3 Rfe8 13.Ne2 d5 14.Nxe5 dxe4 15.Bc4 Nxe5
16.dxe5 Bb4 17.exf6 Bxe1 18.Qxe1 b5 19.Qc1 h6 20.fxg7 Qd6 21.Ng3 bxc4 22.Nf5 Qg6
23.Nxh6+ Kh7 24.Ng4 Re6 25.Qf4 c5 26.Rd1 cxb3 27.cxb3 Bc6 28.Qg3 f5 29.Qh4+ Kg8
30.Rd8+ Rxd8 31.Qxd8+ Be8 32.Nf6+ Rxf6 33.Bxf6 Qf7 34.Bc3 Kh7 35.Kh2 Qe6
36.Qh4+  1-0

[Event "GER-ch"]
[Site "Binz"]
[Date "1995.??.??"]
[Round "1"]
[White "Meyer, I."]
[Black "Maiwald, Jens Uwe"]
[Result "0-1"]
[WhiteElo "2305"]
[BlackElo "2485"]

1.e4 d6 2.d4 Nf6 3.Nc3 e5 4.Nf3 Nbd7 5.Bc4 Be7 6.O-O O-O 7.a4 c6 8.dxe5 dxe5
9.Qe2 Qc7 10.Rd1 Nc5 11.h3 b6 12.b3 Ne6 13.Bb2 Nf4 14.Qf1 Ng6 15.Bd3 Nd7
16.Nd2 Nc5 17.Bc4 Rb8 18.g3 a6 19.Qg2 b5 20.Bf1 Rd8 21.h4 Nf8 22.axb5 axb5
23.Qf3 Na6 24.Na2 Bc5 25.Qh5 f6 26.Nc1 Nb4 27.Nd3 Nxd3 28.Bxd3 Ne6 29.Kg2 Nd4
30.Nf1 g6 31.Qh6 Bg4 32.Rdb1 Nxb3 33.cxb3 Rxd3 34.Bc1 Bf8  0-1

[Event "GER-ch"]
[Site "Binz"]
[Date "1995.??.??"]
[Round "4"]
[White "Lorscheid, Gerhard"]
[Black "Vatter, Hans Joachim"]
[Result "1/2-1/2"]
[WhiteElo "2305"]
[BlackElo "2385"]

1.d4 d6 2.e4 Nf6 3.Nc3 e5 4.Nf3 Nbd7 5.Bc4 Be7 6.O-O O-O 7.Re1 c6 8.a4 b6
9.d5 Bb7 10.dxc6 Bxc6 11.Bg5 h6 12.Bxf6 Nxf6 13.Nd5 Nxd5 14.Bxd5 Rc8 15.c3 Qd7
16.Bxc6 Qxc6 17.Qd3 Qc4 18.Red1 g6 19.Qe3 Kg7 20.a5 Ra8 21.Rd5 b5 22.a6 Rfb8
23.Nd2 Qc6 24.Qd3 Rb6 25.Ra5 Rab8 26.g3 h5 27.h4 Rxa6 28.Raxb5 Ra1+ 29.Kg2 Rxb5
30.Qxb5 Qc8 31.Qe2 Qc6 32.Qb5  1/2-1/2

[Event "GER-ch"]
[Site "Binz"]
[Date "1995.??.??"]
[Round "8"]
[White "Vuckovic, Aleksandar"]
[Black "Hennings, Artur"]
[Result "0-1"]
[WhiteElo "2290"]
[BlackElo "2345"]

1.e4 d6 2.d4 Nf6 3.Nc3 e5 4.Nf3 Nbd7 5.Bc4 Be7 6.O-O c6 7.dxe5 dxe5 8.h3 O-O
9.a4 h6 10.Qe2 Re8 11.Rd1 Qc7 12.Nh4 Nf8 13.Nf5 Be6 14.Be3 b6 15.Bxe6 Nxe6
16.Qc4 Bf8 17.Qe2 Kh7 18.Qf3 Ng8 19.h4 Rad8 20.Rxd8 Rxd8 21.Rd1 Rxd1+ 22.Qxd1 g6
23.Ng3 h5 24.Nf1 Nf6 25.Qd3 Ng4 26.Ne2 Be7 27.g3 Nc5 28.Qc4 Kg7 29.Kg2 Qd7
30.Bxc5 Bxc5 31.f3 Nf2 32.Ng1 Nd1 33.b3 a5 34.Qe2 b5 35.Nh3 Nc3 36.Qe1 Qd4
37.axb5 cxb5 38.Qd2 Qxd2+ 39.Nxd2 Be3 40.Nf1 a4  0-1

[Event "Bled op-B"]
[Site "Bled"]
[Date "1995.??.??"]
[Round "1"]
[White "Kreiser, Ulrich"]
[Black "Mikac, Tomaz"]
[Result "1/2-1/2"]
[WhiteElo "1880"]
[BlackElo "2215"]

1.d4 d6 2.e4 Nf6 3.Nc3 Nbd7 4.Nf3 e5 5.Bc4 Be7 6.O-O O-O 7.h3 c6 8.dxe5 dxe5
9.a4 Qc7 10.Qe2 Nc5 11.b3 Be6 12.Bb2 Bxc4 13.Qxc4 Nfd7 14.Rad1 Rad8 15.Rfe1 a6
16.Qe2 b5 17.axb5 axb5 18.Ra1 Ne6 19.g3 Rfe8 20.Nd1 Bc5 21.Ne3 Nd4 22.Nxd4 exd4
23.Nf1 f5 24.Qf3 fxe4 25.Rxe4 Rf8 26.Qg4 Nf6 27.Qe6+ Rf7 28.Rf4 Re8 29.Qf5 Nd5
30.Qxf7+ Qxf7 31.Rxf7 Kxf7 32.Rd1 Re2 33.Rd2 Rxd2 34.Nxd2 Nb4 35.c3 dxc3
36.Bxc3 Nd3 37.Ne4 Be7 38.Kf1 g6 39.Nd2 Ke6 40.Ke2 Nb4 41.Ne4 Na6 42.Bd2 Kd5  1/2-1/2

[Event "Bled op"]
[Site "Bled"]
[Date "1995.??.??"]
[Round "8"]
[White "Mencinger, Vojko"]
[Black "Mikac, Matjaz"]
[Result "1/2-1/2"]
[WhiteElo "2385"]
[BlackElo "2415"]

1.e4 d6 2.d4 Nf6 3.Nc3 e5 4.dxe5 dxe5 5.Qxd8+ Kxd8 6.Bc4 Be6 7.Bxe6 fxe6
8.f3 a6 9.Bd2 Bd6 10.Nh3 Nc6 11.O-O-O Ke7 12.Be3 h6 13.Nf2 Rhf8 14.Nd3 Nb4
15.Nxb4 Bxb4 16.a3 Bd6 17.Rd3 Rfd8 18.Nb1 b5 19.Nd2 Nd7 20.c4 Rab8 21.cxb5 axb5
22.Nb3 Ra8 23.Rhd1 Ra4 24.Rc3 Rda8 25.Nc5 Nxc5 26.Bxc5 Rc4 27.Rxc4 bxc4 28.Be3 c3
29.bxc3 Rxa3 30.Kb2 Ra4  1/2-1/2

[Event "Bonn GSK"]
[Site "Bonn"]
[Date "1995.??.??"]
[Round "5"]
[White "Piskov, Yury"]
[Black "Maiwald, Jens Uwe"]
[Result "1/2-1/2"]
[WhiteElo "2540"]
[BlackElo "2455"]

1.d4 d6 2.e4 Nf6 3.Nc3 c6 4.f3 g6 5.Be3 Nbd7 6.Qd2 b5 7.g4 Nb6 8.h4 h5 9.g5 Nfd7
10.d5 cxd5 11.Bd4 Rh7 12.Nxd5 a6 13.a4 bxa4 14.Qa5 Nxd5 15.Qxd5 Rb8 16.Qc6 Bg7
17.Qxa4 Kf8 18.Rh2 Nc5 19.Bxg7+ Rxg7 20.Qd4  1/2-1/2

[Event "BRA-ch"]
[Site "?"]
[Date "1995.??.??"]
[Round "1"]
[White "Cukier, Marcelo"]
[Black "Agdamus, Jose Luis"]
[Result "1/2-1/2"]
[WhiteElo "2150"]
[BlackElo "2280"]

1.e4 d6 2.d4 Nf6 3.Nc3 Nbd7 4.Nf3 e5 5.Bc4 Be7 6.O-O c6 7.a4 a5 8.h3 h6 9.Qe2 Qc7
10.Rd1 g5 11.Be3 Nf8 12.dxe5 dxe5 13.Nxe5 Qxe5 14.Bd4 Qc7 15.e5 Nd5 16.e6 Rh7
17.Nxd5 cxd5 18.Bb5+ Nd7 19.exd7+ Bxd7 20.Qd3 f5 21.Qxf5 Rf7 22.Qg6 Bxb5
23.axb5 Qd6 24.Qxd6 Bxd6 25.Bb6 Bc7 26.Be3 Rd7 27.Ra4 b6 28.h4 Bd8 29.hxg5 hxg5
30.c3 Rc8 31.Rad4 Rc5 32.R4d2 Rxb5 33.c4 Rb3 34.cxd5 Bf6 35.Re1 Kf7 36.Ree2 a4
37.g3 b5 38.d6 b4 39.Bc5 a3 40.bxa3 bxa3 41.Ra2 Bb2 42.Re3 Rxe3 43.fxe3 Ke6
44.Bxa3 Bxa3 45.Rxa3 Rxd6 46.Ra5 Kf6 47.Kf2 g4 48.Ke2 Rb6 49.Rd5 Rb2+ 50.Rd2 Rb3
51.Kf2 Ke5 52.Ra2 Kf5 53.Ra5+ Kf6 54.e4 Rf3+ 55.Kg2 Kg6 56.Ra8 Re3 57.Rg8+ Kh5
58.Re8 Kg6 59.Rg8+ Kh5 60.Re8  1/2-1/2

[Event "BRA-ch"]
[Site "?"]
[Date "1995.??.??"]
[Round "2"]
[White "Loureiro, Luiz"]
[Black "Cukier, Marcelo"]
[Result "1-0"]
[WhiteElo "2375"]
[BlackElo "2150"]

1.d4 d6 2.e4 Nf6 3.Nc3 c6 4.f4 Qa5 5.Bd3 e5 6.Nf3 Bg4 7.Be3 Nbd7 8.h3 Bxf3
9.Qxf3 Qb4 10.a3 Qxb2 11.Kd2 exd4 12.Bxd4 c5 13.Bxf6 Qb6 14.Nd5  1-0

[Event "BRA-ch"]
[Site "?"]
[Date "1995.??.??"]
[Round "4"]
[White "Loureiro, Luiz"]
[Black "Lima, Darcy"]
[Result "1/2-1/2"]
[WhiteElo "2375"]
[BlackElo "2475"]

1.e4 d6 2.d4 Nf6 3.Nc3 e5 4.dxe5 dxe5 5.Qxd8+ Kxd8 6.Bg5 Be6 7.Nf3 Nd7 8.O-O-O Bd6
9.Bb5 Kc8 10.Nd2 Ng4 11.Rdf1 f6 12.Bh4 Nb6 13.h3 Nh6 14.Rd1 Nf7 15.f3 Bb4
16.Ndb1 Nd6 17.b3 Nxb5 18.Nxb5 Bc5 19.Rd3 a6 20.N5c3 Rd8 21.Rhd1 Rxd3 22.Rxd3 c6
23.Nd1 Kc7 24.Bf2 Bf8 25.Be3 a5 26.Ndc3 Nd7 27.a4 Be7 28.Kb2 g6 29.Na3 h5
30.Rd1 Rg8 31.Nc4 Bxc4 32.bxc4 Nf8 33.Na2 Ne6 34.Nc1 Bc5 35.Bxc5 Nxc5 36.Ka3 f5
37.Nb3 Nxb3 38.cxb3 fxe4 39.fxe4 Rf8 40.Rd3 h4 41.g3 g5 42.c5 Rf1 43.gxh4 gxh4
44.Rd6 Rf4 45.Re6 Rxe4 46.Re7+ Kc8 47.Rh7 Rf4 48.Re7 e4 49.Kb2 Rf2+ 50.Ka3 Rf4
51.Kb2 Rf2+ 52.Ka3 Rf3 53.Rxe4 Rxh3 54.Re8+ Kd7 55.Rb8 Ke6 56.Rxb7 Kd5 57.Rh7 Kxc5
58.Rh5+ Kb6 59.Kb2 Rh1 60.Ka2 h3 61.Kb2 c5 62.Ka2 Kc6 63.Kb2 Kd6 64.Ka2 Kc6
65.Kb2 h2 66.Ka2 Kd6 67.Kb2 Ke6 68.Ka2 Kf6 69.Kb2 Kg6 70.Rh8 Kg7 71.Rh3 Kg6
72.Ka2 Kf5  1/2-1/2

[Event "BRA-ch"]
[Site "?"]
[Date "1995.??.??"]
[Round "5"]
[White "Milos, Gilberto"]
[Black "Agdamus, Jose Luis"]
[Result "1-0"]
[WhiteElo "2555"]
[BlackElo "2280"]

1.e4 d6 2.d4 Nf6 3.Nc3 e5 4.Nf3 Nbd7 5.Bc4 Be7 6.O-O O-O 7.Re1 c6 8.a4 a5
9.h3 Qc7 10.Ba2 Re8 11.Ng5 Rf8 12.Be3 exd4 13.Bxd4 h6 14.Nf3 Nc5 15.Nh4 Ne6
16.Be3 Nxe4 17.Nxe4 Bxh4 18.Qxd6 Be7 19.Qxc7 Nxc7 20.Bc5 Bxc5 21.Nxc5 b6
22.Re7 Nd5 23.Bxd5 cxd5 24.Nb3 Be6 25.Nd4 Rfe8 26.Rb7 Rab8 27.Rxb8 Rxb8 28.b3 Bd7
29.f3 Kf8 30.Kf2 Re8 31.Rd1 Ke7 32.Ne2 Rc8 33.Rd2 Bf5 34.Nd4 Bd7 35.g4 Kd6
36.Ne2 Kc5 37.Nf4 Bc6 38.c3 Rd8 39.Rd4 Rd7 40.Ke3 Re7+ 41.Kd2 g5 42.Ng2 b5
43.axb5 Bxb5 44.Ne3 Bc6 45.Nf5 Re6 46.b4+ axb4 47.cxb4+ Kb6 48.Rd3 Bb7 49.Re3 Rf6
50.Nd4 Rf4 51.Kc3 Ba6 52.Re5 Bf1 53.Rxd5 Rf6 54.Rf5 Rxf5 55.Nxf5 Bxh3 56.Ne3 Kb5
57.Kb3 Kb6 58.Kc4 f5 59.gxf5 h5 60.Kd5 Bxf5 61.Nxf5 Kb5 62.Ke5 Kxb4 63.Kf6 g4
64.f4 g3 65.Nxg3 h4 66.Nh1 Kc4 67.Kg5 h3 68.Kg4  1-0

[Event "BRA-ch"]
[Site "?"]
[Date "1995.??.??"]
[Round "8"]
[White "Van Riemsdijk, Herman C"]
[Black "Agdamus, Jose Luis"]
[Result "1-0"]
[WhiteElo "2370"]
[BlackElo "2280"]

1.e4 d6 2.d4 Nf6 3.Nc3 e5 4.Nf3 Nbd7 5.Bc4 Be7 6.O-O O-O 7.Re1 c6 8.a4 a5
9.h3 Qe8 10.Ba2 Bd8 11.Nh4 exd4 12.Qxd4 Qe5 13.Nf3 Qxd4 14.Nxd4 Nc5 15.Bf4 Bc7
16.Rad1 Rd8 17.e5 dxe5 18.Bxe5 Bxe5 19.Rxe5 Na6 20.Rxa5 c5 21.Nf3 Rxd1+ 22.Nxd1 Nd7
23.Bd5 Ra7 24.Nc3 Nb6 25.Ne5 Nxd5 26.Nxd5 Kf8 27.Nb6 Bf5 28.Ned7+ Ke7 29.Nxc5  1-0

[Event "Bratislava op"]
[Site "Bratislava"]
[Date "1995.??.??"]
[Round "5"]
[White "Rohacek, Miroslav"]
[Black "Deak, Gabriel"]
[Result "1-0"]
[WhiteElo "1915"]
[BlackElo "1915"]

1.e4 d6 2.d4 Nf6 3.Nc3 c6 4.f4 Qa5 5.Bd3 e5 6.dxe5 dxe5 7.Nf3 exf4 8.Bxf4 Be7
9.Qe2 Bg4 10.h3 Bxf3 11.gxf3 Nbd7 12.Bc4 b5 13.Bb3 Nc5 14.O-O Nxb3 15.axb3 Qb6+
16.Kh1 Nh5 17.Bh2 Rd8 18.e5 O-O 19.f4 g6 20.f5 Kh8 21.f6 Bc5 22.Rad1 Rxd1
23.Rxd1 Rd8 24.Ne4 Bf8 25.Rg1 c5 26.Qf3 c4 27.Ng5 Kg8 28.e6 fxe6 29.f7+ Kg7
30.Be5+ Kh6 31.Nxe6 Bc5 32.Bg7+ Nxg7 33.Qf4+  1-0

[Event "RUS-chT"]
[Site "Briansk"]
[Date "1995.??.??"]
[Round "2"]
[White "Margolin, Boris"]
[Black "Eismont, Oleg"]
[Result "1-0"]
[WhiteElo "2390"]
[BlackElo "2435"]

1.e4 d6 2.d4 Nf6 3.Nc3 e5 4.Nf3 Nbd7 5.Bc4 Be7 6.O-O O-O 7.a4 c6 8.Ba2 Qc7
9.Qe2 exd4 10.Nxd4 Re8 11.Bf4 Ne5 12.h3 Qb6 13.Qd2 Bd7 14.a5 Qc7 15.Bh2 c5
16.Nf5 Bxf5 17.exf5 c4 18.Nd5 Qc5 19.Rad1 Nxd5 20.Qxd5 Rac8 21.Rfe1 Bf8 22.Qxc5  1-0

[Event "RUS-chT"]
[Site "Briansk"]
[Date "1995.??.??"]
[Round "3"]
[White "Lukovnikov, A."]
[Black "Meshkov, Yuri A"]
[Result "1-0"]
[WhiteElo "2305"]
[BlackElo "2250"]

1.e4 d6 2.d4 Nf6 3.Nc3 c6 4.a4 Nbd7 5.Nf3 e5 6.g3 Be7 7.Bg2 O-O 8.O-O a5
9.h3 Re8 10.Re1 Bf8 11.Be3 exd4 12.Nxd4 Nc5 13.Bf4 Qb6 14.Qd2 Qb4 15.g4 Ne6
16.Be3 Nc5 17.Bg5 Nfd7 18.Nf5 Ne5 19.b3 f6 20.Be3 Nf7 21.Rad1 g6 22.Ng3 Bg7
23.Nce2 Qxd2 24.Rxd2 Ne6 25.Red1 Neg5 26.Nf4 Bf8 27.Nd3 Ne5 28.Ne1 Ngf7 29.f4 Nd7
30.Kf2 Nc5 31.Nd3 Nxd3+ 32.Rxd3 Nd8 33.R3d2 Ne6 34.Bf1 Nc5 35.Bc4+ Kg7 36.Bxc5 dxc5
37.Rd8 Re7 38.f5 b5 39.axb5 cxb5 40.Bd5 Rb8 41.g5 fxg5 42.f6+ Kxf6 43.Rxf8+ Kg7
44.Rg8+ Kh6 45.Ra1 Ra7  1-0

[Event "Brno-B"]
[Site "Brno"]
[Date "1995.??.??"]
[Round "2"]
[White "Arnold, Lothar"]
[Black "Jonitz, Jens"]
[Result "1-0"]
[WhiteElo "2370"]
[BlackElo "2210"]

1.e4 d6 2.d4 Nf6 3.Nc3 Nbd7 4.f4 e5 5.Nf3 c6 6.dxe5 dxe5 7.fxe5 Ng4 8.e6 fxe6
9.Ng5 Nde5 10.Qxd8+ Kxd8 11.h3 Nh6 12.Bf4 Nhf7 13.O-O-O+ Ke8 14.Nxf7 Nxf7
15.Bc4 Bb4 16.Rd3 Ke7 17.Rhd1 e5 18.Bd2 a5 19.Na4 Bxd2+ 20.R1xd2 b5 21.Bxf7 Kxf7
22.Nc5 Ra7 23.Rd6 Rc7 24.a3 Ke7 25.b4 axb4 26.axb4 Rf8 27.Kb2 Rf6 28.R6d3 Be6
29.Rg3 g6 30.Rg5 Bc4 31.Rxe5+ Kf7 32.Rg5 Re7 33.Rg3 Ra7 34.Rf3 Rxf3 35.gxf3 Ra2+
36.Kb1 Ra3 37.Rd7+ Kf6 38.Rxh7 Rxf3 39.h4 Ke5 40.Kb2 Rh3 41.Rh8 Rh2 42.Re8+ Kf6
43.e5+ Kf7 44.Rc8 Rxh4 45.Rc7+ Ke8 46.Rxc6 Bd5 47.Rd6 Bf3 48.Re6+ Kd8 49.Rxg6 Rxb4+
50.Kc1 Rc4 51.Nd3 Be4 52.Rd6+ Ke7 53.Kd2 Rc6 54.Rxc6 Bxc6 55.Nb4 Bg2 56.Ke3 Bf1
57.Kd4 Bc4 58.Nd3 Ke6 59.Nc5+ Ke7 60.Kc3 Kf7 61.Kd4 Ke7 62.Nd3 Ke6 63.Nf4+ Kd7
64.Kc5 Ke7 65.e6 Bf1 66.Kd5 Bc4+ 67.Ke5 b4 68.Nd5+ Ke8 69.Nxb4 Bb5 70.Kd6 Kf8
71.Nd5 Ba4 72.c4 Bb3 73.c5 Ke8 74.Nc7+  1-0

[Event "Brno-A"]
[Site "Brno"]
[Date "1995.??.??"]
[Round "6"]
[White "Mrva, Martin"]
[Black "Berezjuk, Sergej"]
[Result "0-1"]
[WhiteElo "2405"]
[BlackElo "2380"]

1.e4 d6 2.Nc3 e5 3.d4 Nf6 4.f3 Nbd7 5.Be3 c6 6.Qd2 Nb6 7.O-O-O Be6 8.d5 Bd7
9.g4 cxd5 10.exd5 h6 11.b3 Rc8 12.a4 a6 13.a5 Na8 14.Nb1 Qc7 15.Na3 b5 16.axb6 Nxb6
17.Bc4 Be7 18.Ne2 Nbxd5 19.Bxd5 Nxd5 20.Qxd5 Bc6 21.Qd2 d5 22.Nb1 d4 23.Bxd4 exd4
24.Rhf1 Bb5 25.Rf2 d3 26.Nec3 dxc2 27.Qxc2 O-O 28.Nd5 Qb7 29.Nbc3 Ba3+ 30.Kb1 Bc4
31.Ka2 Bxd5 32.Rxd5 Bb4 33.Rd3 Qc7 34.Kb2 Qa5 35.Re2 Rc6 36.Rde3 g6 37.Re1 Rfc8
38.Re8+ Kg7  0-1

[Event "Ciocaltea mem"]
[Site "Bucharest"]
[Date "1995.??.??"]
[Round "2"]
[White "Ionescu, Constantin"]
[Black "Komliakov, Viktor"]
[Result "1-0"]
[WhiteElo "2535"]
[BlackElo "2535"]

1.d4 d6 2.e4 Nf6 3.Nc3 c6 4.Nf3 g6 5.a4 Bg7 6.Be2 O-O 7.O-O Nbd7 8.Be3 e5
9.dxe5 dxe5 10.Nd2 Qe7 11.Nc4 Ne8 12.a5 Nc5 13.Nd6 Nxd6 14.Bxc5 Rd8 15.Qc1 Bf6
16.b3 Be6 17.Rd1 Qc7 18.Qe3 Nc8 19.Rxd8+ Bxd8 20.Nd1 Be7 21.Nb2 Bxc5 22.Qxc5 Qd6
23.Nd3 f6 24.Rd1 Qf8 25.Qxf8+ Kxf8 26.Nc5 Ke7 27.Nxb7 Rb8 28.Ba6 Nb6 29.axb6 axb6
30.f3 Ra8 31.Bc4 Bxc4 32.bxc4 Rb8 33.Nd6 Rd8 34.Nf5+ gxf5 35.Rxd8 Kxd8 36.exf5 Kc7
37.Kf2 Kd6 38.Ke3 Kc5 39.Kd3 h6 40.g4 Kb4 41.h4 Kc5 42.Ke4  1-0

[Event "Spring op"]
[Site "Budapest"]
[Date "1995.??.??"]
[Round "?"]
[White "Schein, Karl Heinz"]
[Black "Becker, Alan"]
[Result "1-0"]
[WhiteElo "2260"]
[BlackElo "2255"]

1.e4 d6 2.d4 Nf6 3.Nc3 Nbd7 4.Bg5 e5 5.Nf3 Be7 6.Qd2 c6 7.O-O-O O-O 8.Kb1 b5
9.Bd3 a5 10.Bh4 Qc7 11.Bg3 Nh5 12.Ne2 Nxg3 13.hxg3 b4 14.Nh4 Nf6 15.f3 c5
16.dxc5 dxc5 17.Bc4 Rd8 18.Bd5 Nxd5 19.exd5 c4 20.Qe3 Rb8 21.g4 a4 22.Ng3 b3
23.Nhf5 Bxf5 24.Nxf5 bxa2+ 25.Ka1 a3 26.Nxe7+ Qxe7 27.Qxa3 Qxa3 28.bxa3 f6
29.Kxa2 c3 30.Rb1 Rxb1 31.Rxb1 Rxd5 32.Rb8+ Kf7 33.Rc8 g6 34.Rxc3 f5 35.gxf5 gxf5
36.a4 Rd4 37.Kb3 e4 38.fxe4 fxe4 39.Rc4 Rd2 40.Rxe4 Rxg2 41.a5 h5 42.a6 Kf6
43.a7 Rg8 44.Ra4 Ra8 45.Kb4 h4 46.Kb5 h3 47.Kb6 Kg5  1-0

[Event "Spring op"]
[Site "Budapest"]
[Date "1995.??.??"]
[Round "?"]
[White "Estrada Nieto, Julian"]
[Black "De Santis, Alessio"]
[Result "1/2-1/2"]
[WhiteElo "2340"]
[BlackElo "2270"]

1.e4 d6 2.d4 Nf6 3.Nc3 c6 4.Nf3 Bg4 5.Be2 e6 6.O-O d5 7.h3 Bxf3 8.Bxf3 Be7
9.a4 O-O 10.Bf4 Nbd7 11.exd5 exd5 12.Ne2 Re8 13.b3 Nf8 14.c4 Ng6 15.Bg5 h6
16.Bxf6 Bxf6 17.cxd5 cxd5 18.Nc3 Ne7 19.Re1 Rc8 20.Nxd5 Nxd5 21.Rxe8+ Qxe8
22.Bxd5 Rd8 23.Qf3 Qd7 24.Bxb7 Qxd4 25.Rc1 Qd2 26.Qe3 Qb4 27.Qf3 Qd2 28.Qe3 Qb4
29.Bf3 Bg5 30.Qc3 Qxc3 31.Rxc3 Bd2 32.Rc7 a5 33.g3 Bb4 34.Be2 Re8 35.Bd3 g6
36.Rb7 Re7 37.Rb6 Kg7 38.Bc4 Bc3 39.Rb5 Rd7 40.Bd5 Re7 41.Kg2 Rc7 42.Kf3 Re7
43.Bc4 Bd2 44.h4 h5 45.Kg2 Bc3 46.f3 f5 47.Rb6 Be1 48.Rd6 Bb4 49.Rd8 Bc3
50.Bd3 Bb4 51.Rd5 Re6 52.Rb5 Re3 53.Bc4 Re7 54.Rxb4 axb4 55.a5 Ra7 56.a6 Kf6
57.Kf2 Ke5 58.Ke3 Re7 59.Bd3 Ra7 60.Bc4 Re7 61.Bd3 Ra7 62.Bb5 Re7 63.Bc4 Ra7  1/2-1/2

[Event "Spring op"]
[Site "Budapest"]
[Date "1995.??.??"]
[Round "?"]
[White "Schlusnik, Nandor"]
[Black "De Santis, Alessio"]
[Result "0-1"]
[WhiteElo "2095"]
[BlackElo "2270"]

1.e4 d6 2.d4 Nf6 3.Nc3 c6 4.f4 Qa5 5.Bd3 e5 6.Nf3 Bg4 7.dxe5 dxe5 8.O-O Nbd7
9.Qe1 Bxf3 10.Rxf3 Bd6 11.f5 b5 12.Bd2 Qc7 13.Kh1 a6 14.Qg3 Rg8 15.Qf2 Bc5
16.Qe2 g5 17.fxg6 Rxg6 18.a3 O-O-O 19.b4 Bd4 20.a4 Rdg8 21.g3 h5 22.axb5 axb5
23.Bxb5 h4 24.Ba6+ Kd8 25.Be1 hxg3 26.Bxg3 Nh5 27.Qd3 Nxg3+ 28.Rxg3 Rxg3
29.hxg3 Qd6 30.Bc4 Rg7 31.Kg2 Qxb4 32.Na2 Qe7 33.Rh1 Qg5 34.Nb4 Nc5 35.Rh8+ Kd7
36.Qa3 Nxe4 37.Rb8 Qd2+ 38.Kf3 Rxg3+ 39.Kxe4 Qf4+  0-1

[Event "Budapest FS07 IM-B"]
[Site "Budapest"]
[Date "1995.??.??"]
[Round "?"]
[White "Roehrich, Stefan"]
[Black "Zapletal, Jiri"]
[Result "1/2-1/2"]
[WhiteElo "2235"]
[BlackElo "2205"]

1.e4 d6 2.d4 Nf6 3.Nc3 e5 4.Nf3 exd4 5.Nxd4 Bd7 6.Be2 Nc6 7.O-O Be7 8.Be3 Nxd4
9.Qxd4 O-O 10.f4 Bg4  1/2-1/2

[Event "Spring op"]
[Site "Budapest"]
[Date "1995.??.??"]
[Round "?"]
[White "Borocz, Istvan"]
[Black "De Santis, Alessio"]
[Result "0-1"]
[WhiteElo "2415"]
[BlackElo "2270"]

1.e4 d6 2.d4 Nf6 3.Nc3 c6 4.f4 Qa5 5.Bd3 e5 6.Nf3 Bg4 7.Be3 Nbd7 8.Qd2 Bxf3
9.gxf3 Be7 10.Rg1 g6 11.O-O-O b5 12.Kb1 a6 13.fxe5 dxe5 14.Qf2 exd4 15.Bxd4 b4
16.Ne2 c5 17.Be3 Ne5 18.Nc1 c4 19.Be2 O-O 20.Bd4 Rfc8 21.Qe3 Qc7 22.Qg5 Ned7
23.Qg3 Bd6 24.Qh4 Be7 25.Qg3 Bd6 26.Qh4 Be7 27.Qh6 Rab8 28.Qe3 a5 29.e5 Nd5
30.Qe4 Nc3+ 31.bxc3 bxc3+ 32.Ka1 Nc5 33.Qe3 Qb7 34.Nb3 cxb3 35.Rb1 b2+  0-1

[Event "Budapest FS03 GM"]
[Site "Budapest"]
[Date "1995.??.??"]
[Round "1"]
[White "Drozdov, Igor"]
[Black "Zemerov, Vladimir"]
[Result "1-0"]
[WhiteElo "2425"]
[BlackElo "2430"]

1.e4 d6 2.d4 Nf6 3.Nc3 e5 4.Nf3 Nbd7 5.g3 Be7 6.Bg2 c6 7.a4 a5 8.O-O Qc7
9.Re1 h5 10.b3 Nf8 11.Bb2 Ng6 12.h4 Ng4 13.Qd2 f6 14.Nd1 Nf8 15.Ne3 Nxe3
16.Qxe3 Bg4 17.Nh2 Bd7 18.Ba3 Ne6 19.Nf3 Kf8 20.Rad1 Re8 21.Qd2 Bc8 22.Bf1 Nd8
23.Re3 Nf7 24.Bc4 Bg4 25.Bb2 g6 26.Rde1 Kg7 27.Nh2 Bc8 28.R3e2 exd4 29.Bxf7 Kxf7
30.Qxd4 Bd8 31.Re3 Kg7 32.Rd1 Re6 33.Nf3 c5 34.Qd3 Rhe8 35.Ng5 R6e7 36.Qxd6 Rd7
37.Qxc7 Bxc7 38.Rxd7+ Bxd7 39.Rf3 Bd8 40.e5 fxg5 41.e6+ Kg8 42.exd7 Re1+
43.Kg2 Rd1 44.hxg5 Bxg5 45.Bf6 Bxf6 46.Rxf6 Kg7 47.Rb6 Rxd7 48.Rb5 Rc7 49.Rxa5 Kf6
50.Rb5 g5 51.Kf3 Ke6 52.Ke4 h4 53.gxh4 gxh4 54.Rb6+ Kf7 55.Rh6 Re7+ 56.Kf3  1-0

[Event "HUN-ch (Women)"]
[Site "Budapest"]
[Date "1995.??.??"]
[Round "2"]
[White "Medvegy, Nora"]
[Black "Horvath, Julia"]
[Result "1/2-1/2"]
[WhiteElo "2235"]
[BlackElo "2270"]

1.e4 d6 2.d4 Nf6 3.Nc3 c6 4.Nf3 Bg4 5.h3 Bxf3 6.Qxf3 e5 7.dxe5 dxe5 8.Bc4 Be7
9.Qg3 O-O 10.Bh6 Ne8 11.Rd1 Qc7 12.O-O Kh8 13.Bc1 Nd7 14.a3 Nef6 15.Kh1 b5
16.Ba2 a5 17.f3 Bc5 18.Ne2 Nb6 19.Bg5 Be7 20.Qh4 Ng8 21.Ng3 h6 22.Bxe7 Nxe7
23.Qh5 Nc4 24.Bxc4 bxc4 25.Nf5 Nxf5 26.Qxf5 Rfd8 27.f4 exf4 28.Rxd8+ Rxd8
29.Rxf4 Rd1+ 30.Rf1 Qd7 31.Qxd7 Rxd7 32.Rf2 c3 33.bxc3 Rd1+ 34.Kh2 Ra1 35.Rxf7 Rxa3
36.Ra7  1/2-1/2

[Event "Budapest FS11 IM-B"]
[Site "Budapest"]
[Date "1995.??.??"]
[Round "2"]
[White "Turzo, Attila"]
[Black "Borsavolgyi, Tamas"]
[Result "1-0"]
[WhiteElo "2310"]
[BlackElo "2320"]

1.e4 d6 2.d4 Nf6 3.Nc3 c6 4.f3 Nbd7 5.Be3 b5 6.Qd2 a6 7.g4 e5 8.Nge2 Qc7
9.Bg2 Nb6 10.b3 Be6 11.g5 Nfd7 12.f4 f6 13.O-O O-O-O 14.d5 Bf7 15.a4 b4 16.a5 bxc3
17.axb6 Nxb6 18.Qxc3 exf4 19.Rxa6 fxe3 20.Bh3+ Kb7 21.dxc6+  1-0

[Event "Schneider mem op"]
[Site "Budapest"]
[Date "1995.??.??"]
[Round "3"]
[White "Parkanyi, Attila"]
[Black "Horvath, Adam"]
[Result "1-0"]
[WhiteElo "2325"]
[BlackElo "2195"]

1.e4 d6 2.d4 Nf6 3.Nc3 c6 4.f4 Qa5 5.Bd3 e5 6.Nf3 Bg4 7.dxe5 dxe5 8.fxe5 Bxf3
9.Qxf3 Qxe5 10.Bf4 Qe6 11.O-O-O Bc5 12.Bxb8 Rxb8 13.e5 Ng4 14.Bf5 Qh6+ 15.Kb1 Nxe5
16.Rhe1 Bd6 17.Qg3 O-O 18.Rxd6 Qxd6 19.Rxe5 Rbd8 20.Qe1 b5 21.a3 a5 22.Bd3 b4
23.Rh5 g6 24.Ne4 Qe7 25.Qh4 Qxh4 26.Rxh4 Kg7 27.axb4 Rd4 28.g4 axb4 29.b3 Ra8
30.Kc1 h6 31.Rh3 Re8 32.Re3 Re5 33.Kd2 Ra5 34.h3 Ra1 35.Ke2 Rd5 36.Nf2 Ra7
37.Re8 Rdd7 38.Re3 Ra1 39.Kf3 Ra5 40.Re4 c5 41.Re8 Raa7 42.Ne4 Rdc7 43.h4 Rc6
44.g5 hxg5 45.hxg5 Rac7 46.Bb5 Re6 47.Nf6 Rxf6+ 48.gxf6+ Kxf6 49.Bc4 Kg5
50.Re1 f5 51.Re6 Rh7 52.Rc6 Rh3+ 53.Kg2 Rc3 54.Bd3 Kh5 55.Kf2 Kg5 56.Kf3 c4
57.Rxc4 Rxc4 58.bxc4 Kf6 59.Kf4 g5+ 60.Kf3 Ke5 61.c5 Kd5 62.Bxf5 Kxc5 63.Kg4 Kd5
64.Bh7  1-0

[Event "Schneider mem op"]
[Site "Budapest"]
[Date "1995.??.??"]
[Round "3"]
[White "Rozsnyai, Tibor"]
[Black "Mozes, Ervin"]
[Result "0-1"]
[WhiteElo "2215"]
[BlackElo "2380"]

1.e4 c6 2.d4 Nf6 3.Nc3 d6 4.f4 Qa5 5.Bd3 e5 6.dxe5 dxe5 7.f5 Nbd7 8.Nf3 b5
9.Bd2 b4 10.Ne2 Nc5 11.Ng3 Qc7 12.Qe2 Nxd3+ 13.cxd3 Ba6 14.O-O Rd8 15.Ne1 Be7
16.Bg5 O-O 17.Bxf6 Bxf6 18.Nh5 Bg5 19.h4 Bh6 20.g4 f6 21.Rf3 Rd6 22.Rd1 g6
23.Nxf6+ Rfxf6 24.g5 Rf7 25.gxh6 gxf5 26.exf5 Rxh6 27.Rg3+ Rg7 28.Qg2 Bc8
29.Nf3 Bxf5 30.Rxg7+ Qxg7 31.Nxe5 Rxh4 32.Qxg7+ Kxg7 33.Nxc6 Bd7 34.Ne5 Be6
35.Rc1 Kf6 36.Nc4 Bd5 37.Kf2 Rh2+ 38.Ke3 h5 39.Rf1+ Ke6 40.Rf2 Rh3+ 41.Kd4 Rh4+
42.Kc5 Bb7 43.Re2+ Kf6 44.Kxb4 Rg4 45.Kc3 h4 46.Nd6 Bg2 47.Ne4+ Kf5 48.Rf2+ Kg6
49.Rf8 Bxe4 50.dxe4 Rxe4 51.b4 Re3+ 52.Kc4 Ra3 53.Rf2 Kg5 54.b5 Ra4+ 55.Kb3 Rf4
56.Rc2 h3 57.a4 Rh4 58.Rc5+ Kf6 59.Rc6+ Kf5 60.Rc5+ Ke6 61.Rc1 Ke5 62.a5 h2
63.Rh1 Kf4 64.Kc4 Kg3+ 65.Kc5 Kg2 66.Rxh2+ Rxh2 67.b6 Rh5+  0-1

[Event "Budapest FS02 IM-B"]
[Site "Budapest"]
[Date "1995.??.??"]
[Round "3"]
[White "Lengyel, Bela"]
[Black "Zemerov, Vladimir"]
[Result "1-0"]
[WhiteElo "2320"]
[BlackElo "2430"]

1.e4 d6 2.d4 Nf6 3.Nc3 e5 4.Nf3 Nbd7 5.Bc4 Be7 6.O-O O-O 7.a4 c6 8.Qe2 a5
9.h3 Qc7 10.Ba2 exd4 11.Nxd4 Nc5 12.Qf3 Re8 13.Re1 Be6 14.Nxe6 Nxe6 15.Be3 Bf8
16.Rad1 Rad8 17.Re2 b6 18.h4 Nd7 19.Qg3 Ndc5 20.f4 Nd7 21.f5 Nec5 22.Bg5 Ne5
23.h5 Kh8 24.h6 Ncd7 25.Bxd8 Qxd8 26.Rxd6 Qe7 27.Red2 gxh6 28.Be6 fxe6 29.fxe6 Nc5
30.Qxe5+ Bg7 31.Qh5 Rf8 32.Rxc6 Qf6 33.Rd1 Qf2+ 34.Kh1 Rg8 35.Qf3 Qh4+ 36.Qh3 Qg5
37.e7 Qxe7 38.Rc8 Bf8 39.Nd5 Qxe4 40.Qc3+ Bg7 41.Rxg8+ Kxg8 42.Nf6+ Bxf6
43.Qxf6  1-0

[Event "Budapest FS03 IM-A"]
[Site "Budapest"]
[Date "1995.??.??"]
[Round "5"]
[White "Acs, Peter"]
[Black "Peter, Ambrus"]
[Result "0-1"]
[WhiteElo "2240"]
[BlackElo "2335"]

1.e4 d6 2.d4 Nf6 3.Nc3 c6 4.f3 Nbd7 5.Be3 e5 6.Qd2 b5 7.Nge2 Be7 8.g4 O-O
9.Ng3 exd4 10.Bxd4 b4 11.Nd1 c5 12.Bf2 d5 13.exd5 Ne5 14.Be2 Nxd5 15.c4 bxc3
16.Nxc3 Bb7 17.Nce4 Nf6 18.Qxd8 Rfxd8 19.Nf5 Bf8 20.Nxf6+ gxf6 21.Bh4 Nxf3+
22.Bxf3 Bxf3 23.Rf1 Rd3 24.Kf2 c4 25.Ne3 Bc6 26.Rad1 Bc5 27.Rxd3 cxd3 28.Bxf6 Re8
29.Bg5 Re5 30.Bf4 Re4 31.Bh6 Rxg4 32.Rc1 Rg2+ 33.Kf1 Rxh2 34.Rxc5 Rxh6 35.Ke1 Be4
36.Rc4 f5 37.Rd4 Rh2 38.Nd1 Re2+ 39.Kf1 Rd2 40.Ke1 Re2+ 41.Kf1 h5 42.Rd8+ Kg7
43.Rd7+ Kg6 44.Nf2 Rxb2 45.Nxd3 Bxd3+ 46.Rxd3 Rxa2  0-1